000 00236nam a2200097Ia 4500
082 _aEF MACK
245 0 _aSunshine
100 _a McKINLEY, Robin London, 2003
_992685
942 _cBK
008 210817s9999 xx 000 0 und d
999 _c378242
_d378242